000 00358nam a2200145Ia 4500
008 230711s9999||||xx |||||||||||||| ||und||
041 _aENG
082 _a4
_bJA-C
100 _aJackson,John David
245 0 _aComputer club-comets
250 _a1st
260 _c1976
_aBritain
_bBritannica Ompulse Marketing
650 _aComputer Engineering
942 _cBK
999 _c1237
_d1237